| 000 | 01913nam a2200517 i 4500 | ||
|---|---|---|---|
| 001 | 7751 | ||
| 003 | KOSZ 005 | ||
| 005 | 20191118075614.0 | ||
| 008 | 191118s1965 pl a f f 000 0 pol | ||
| 015 | _aPB 1965/2688 | ||
| 035 | _a991041355779705066 | ||
| 035 | _a(PL-WaBN)b21039112-48omnis_nlop | ||
| 035 | _ab21039112 | ||
| 035 | _a(OCoLC)833037352 | ||
| 035 | _a(PL)b0000002103911 | ||
| 035 | _a(EXLNZ-48OMNIS_NETWORK)9910105431205606 | ||
| 040 |
_aWA N _cWA N _dKOSZ 005/RW |
||
| 046 | _k1965 | ||
| 080 | _a621 | ||
| 080 | _a678 | ||
| 100 | 1 |
_aAxentowicz, Marek _d(1934- ) _eAutor |
|
| 245 | 1 | 0 |
_aTworzywa sztuczne w budowie wykrojników / _cMarek Axentowicz. |
| 250 | _aWydanie 2 całkowicie zmienione i uzupełnione. | ||
| 260 |
_aWarszawa : _bWydawnictwa Naukowo-Techniczne, _c1965. |
||
| 300 |
_a101, [3] stron : _bilustracje ; _c24 cm. |
||
| 336 |
_aTekst _btxt _2rdacontent |
||
| 337 |
_aBez urządzenia pośredniczącego _bn _2rdamedia |
||
| 338 |
_aWolumin _bnc _2rdacarrier |
||
| 380 | _aKsiążki | ||
| 380 | _aPublikacje fachowe | ||
| 380 | _aPublikacje dydaktyczne | ||
| 388 | _a1901-2000 | ||
| 490 | 1 |
_aNowa Technika ; _vz. 43 |
|
| 504 | _aBibliografia na stronach 100-[102]. | ||
| 521 | 8 | _aKsiążka jest przeznaczona dla mistrzów, techników i inżynierów zatrudnionych w zakładach przemysłu maszynowego i biurach konstrukcyjnych oraz dla studentów wyższych uczelni technicznych. | |
| 650 | 7 |
_aTłoczniki _2DBN |
|
| 650 | 7 | _aTechnologia | |
| 650 | 7 |
_aTworzywa sztuczne _2DBN |
|
| 650 | 7 | _aZastosowanie i wykorzystanie | |
| 658 | _aInżynieria i technika | ||
| 710 | 2 |
_aWydawnictwa Naukowo-Techniczne _4pbl |
|
| 830 | 0 |
_aNT Nowa Technika ; _vz. 43 |
|
| 856 |
_uhttp://koha.tu.koszalin.pl/cgi-bin/koha/opac-detail.pl?biblionumber=7751 _yKatalog online BPK |
||
| 942 |
_2UKD _cKS |
||
| 999 |
_c7751 _d7751 |
||